5HLuxD.jpg

KING HENRY VIII SENIOR AND PRIMARY SCHOOL LIBRARY OPAC

Funnybones / (Record no. 2468)

000 -LEADER
fixed length control field 00612cam a2200217 a 4500
001 - CONTROL NUMBER
control field .b15063264
003 - CONTROL NUMBER IDENTIFIER
control field OSt
005 - DATE AND TIME OF LATEST TRANSACTION
control field 20230602122554.0
008 - FIXED-LENGTH DATA ELEMENTS--GENERAL INFORMATION
fixed length control field 070614r19991980enka 000 0 eng d
020 ## - INTERNATIONAL STANDARD BOOK NUMBER
International Standard Book Number 9780140565812 (pbk.) :
040 ## - CATALOGING SOURCE
Transcribing agency KH8
082 ## - DEWEY DECIMAL CLASSIFICATION NUMBER
Classification number 823.914 AHL
100 1# - MAIN ENTRY--PERSONAL NAME
Personal name Ahlberg, Janet.
Relator term author
245 10 - TITLE STATEMENT
Title Funnybones /
Statement of responsibility, etc. by Allan Ahlberg; illustrated by Janet Ahlberg.
260 ## - PUBLICATION, DISTRIBUTION, ETC.
Place of publication, distribution, etc. London :
Name of publisher, distributor, etc. Puffin,
Date of publication, distribution, etc. 1999.
300 ## - PHYSICAL DESCRIPTION
Extent 32 p. :
Other physical details chiefly col. ill. ;
Dimensions 27 cm.
440 #0 - SERIES STATEMENT/ADDED ENTRY--TITLE
Title Picture puffins.
650 ## - SUBJECT ADDED ENTRY--TOPICAL TERM
Topical term or geographic name entry element children's stories
700 1# - ADDED ENTRY--PERSONAL NAME
Personal name Ahlberg, Allan.
Relator term Author
942 ## - ADDED ENTRY ELEMENTS (KOHA)
Source of classification or shelving scheme
Koha item type Books - Fiction
Holdings
Withdrawn status Lost status Source of classification or shelving scheme Damaged status Not for loan Collection code Permanent Location Current Location Shelving location Date acquired Total Checkouts Total Renewals Full call number Barcode Date last seen Date last checked out Price effective from Koha item type
          Fiction KH8 Primary School Library KH8 Primary School Library Non Fiction 2023-06-02 27 1 823.914 AHL KHPL000004217 2026-03-17 2025-11-28 2023-06-02 Books - Fiction

Powered By KH8 IT Dept